Vista normal
Vista MARC
Entrada Topical Term
Número de registros utilizados en: 1
001 - CONTROL NUMBER
- control field: 24230
003 - CONTROL NUMBER IDENTIFIER
- control field: OSt
005 - DATE AND TIME OF LATEST TRANSACTION
- control field: 20230915231108.0
008 - FIXED-LENGTH DATA ELEMENTS
- fixed length control field: 230915|| aca||aabn | a|a d
040 ## - CATALOGING SOURCE
- Original cataloging agency: OSt
- Transcribing agency: OSt
150 ## - HEADING--TOPICAL TERM
- Topical term or geographic name entry element: PRENSA - INDICES
670 ## - SOURCE DATA FOUND
- Source citation: Work cat.: (OSt)26688: Uribe de H., Maria Teresa; Alvarez Gaviria, Jesus Maria 24228, Cien años de prensa en Colombia 1840 - 1940 . Catálogo indizado de la prensa existente en la sala de periodicos de la biblioteca central de la universidad de Antioquia, Universidad de Antioquia